Expert database systems a gentle introduction

Bibliographic Details
Main Author: Beynon-Davies, Paul
Format: Book
Published: New York : McGraw-Hill , 1991
Subjects:

MARC

LEADER 00000cam a2200000 7i4500
001 0000007755
002 000008325
005 20000330.0
020 |a 0077072405 
090 0 0 |a 006.33   |b BEY 
100 1 |a Beynon-Davies, Paul 
245 1 0 |a Expert database systems a gentle introduction 
260 |a New York :   |b McGraw-Hill ,   |c 1991 
300 |a 185p. ;   |c 22cm. 
650 0 0 |a Expert systems (Computer science) 
999 |a 053083   |b BUKU   |c PINJAMAN   |e PERPUSTAKAAN KOMUNITI PETALING JAYA